• 首页
  • 本馆介绍
  • 公告通知
  • 最新文献
  • 馆藏检索
  • 电子资源
  • 读者导购
  • 参考咨询
  • 我的图书馆
  • 登录
  • 详细信息显示
  • 放入我的书架
  • 预约/预借图书
  • 作者相关作品
  • 分类相关作品
  • 丛书相关作品
  • 出版社相关作品

书目信息

  • 表格格式
  • 工作单格式
  • 卡片格式
题名:
深化安全生产应急管理改革发展征文优秀作品集
    
 
作者: ;国家安全生产应急救援指挥中心 编
分册:  
出版信息: 北京   煤炭工业出版社  2018
页数: 213页
开本: 26cm
丛书名:
单 册:
中图分类: TB496-53 , X93-53
科图分类:
主题词: 安全生产--生产管理--文集 , 劳动--安全技术 , 劳动--安全工程
电子资源:
ISBN: 978-7-5020-6560-7
000 01191nam0 2200253 450
001 5349
005 20181015155521.22
010    @a978-7-5020-6560-7@dCNY45.00
100    @a20180819d2018 em y0chiy50 ea
101 0  @achi
102    @aCN@b110000
105    @aa z 000yy
200 1  @a深化安全生产应急管理改革发展征文优秀作品集@9shen hua an quan sheng chan ying ji guan li gai ge fa zhan zheng wen you xiu zuo pin ji@f国家安全生产应急救援指挥中心编
210    @a北京@c煤炭工业出版社@d2018
215    @a213页@c图@d26cm
330    @a本书由应急管理改革创新;应急管理体制机制研究;应急管理技术研究;应急管理队伍建设;应急能力建设;应急救援体系建设;企业应急管理实践探索;应急救援演练几个版块组成,收录《新时代下加快推进应急管理信息化体系建设的思考》《浅析新形势下安全生产应急管理的三大发展趋势及应对措施》《新技术条件下安全生产应急管理工作面临的机遇与挑战》等文章。
606 0  @a安全生产@x生产管理@j文集
606 0  @a劳动@x安全技术
606 0  @a劳动@x安全工程
690    @aTB496-53@v5
690    @aX93-53@v4
711 02 @a国家安全生产应急救援指挥中心@9guo jia an quan sheng chan ying ji jiu yuan zhi hui zhong xin@4编
801  0 @aCN@b91MARC@c20180819
905    @aMuseLib@dX93-53@e50
    
    深化安全生产应急管理改革发展征文优秀作品集/国家安全生产应急救援指挥中心编.-北京:煤炭工业出版社,2018
    213页:图;26cm
    
    
    ISBN 978-7-5020-6560-7:CNY45.00
    本书由应急管理改革创新;应急管理体制机制研究;应急管理技术研究;应急管理队伍建设;应急能力建设;应急救援体系建设;企业应急管理实践探索;应急救援演练几个版块组成,收录《新时代下加快推进应急管理信息化体系建设的思考》《浅析新形势下安全生产应急管理的三大发展趋势及应对措施》《新技术条件下安全生产应急管理工作面临的机遇与挑战》等文章。
●
相关链接 在E读中查询图书 在五车中查询图书 在当当中查询图书 在豆瓣中查询图书


正题名:深化安全生产应急管理改革发展征文优秀作品集     索取号:X93-53/50         预约/预借

序号 登录号 条形码 馆藏地/架位号 状态 备注
1 1129270   211292705   第二样本阅览室/ [索取号:X93-53/50] 在馆    
2 1129271   211292714   密集书库-资源管理系/ [索取号:X93-53/50] 在馆    
3 1129272   211292723   第三借阅区/ [索取号:X93-53/50] 在馆    
4 1129273   211292732   第三借阅区/ [索取号:X93-53/50] 在馆    
5 1129274   211292741   第三借阅区/ [索取号:X93-53/50] 在馆    
唐山师范学院图书馆 欢迎您!
大连网信软件有限公司© 版权所有